00439nam a2200181 a 4500001001300000003000900013005001700022008004100039020001100080082001300091100001800104245001600122260003100138300000800169500003500177505001000212650003500222nice12345678IN_TiNIC20260116012127.0050524s1977 laha grp 000 0 urd  ac0.7500a268bDUN aDuncun, Homer aZinda Khuda aLahorebMeenar Kutubc1977 a40p aincludes index and biblioraphy2 aIndex aChristian Education & Training